000 00557nam a2200169Ia 4500
020 _a9788131228906
082 _a612
_bGUY
_22nd
100 _aEDITED BY Hall,Johne E.
245 0 _aGuyton & Hall Physiology Review /
_cEDITED BY Hall,Johne E.
250 _a2nd
260 _c2011
_belsevier
300 _a252
_bill
_c29cm
504 _ainclude: index
650 _aPhysiology
_vcell and general physiology, membrane physiology, nerve, and muscle, heart , circulation, body fluids and kidneys
700 _aEDITED BY Hall,Johne E.
942 _cBK
_2ddc
_e2nd ed
999 _c7068
_d7068